[Event "BCF-ch Yates U1500 op"]
[White "Kelly, Martin"]
[Black "Cureton, Oliver"]
[Site "Hull"]
[Round "5"]
[Result "1/2-1/2"]
[Date "2024.07.28"]
[WhiteElo "1352"]
[BlackElo "1316"]
[PlyCount "49"]
[EventDate "2024.07.26"]
[EventType "swiss"]
[EventRounds "5"]
[EventCountry "ENG"]
[SourceTitle "CBM 221 Extra"]
[Source "ChessBase"]
[SourceDate "2024.09.30"]
[SourceVersion "1"]
[SourceVersionDate "2024.09.30"]
[SourceQuality "1"]

1. e4 c6 2. d4 d5 3. Nc3 dxe4 4. Nxe4 Bf5 5. Ng3 Bg6 6. Nf3 e6 7. h4 h6 8. h5 Bh7 9. Bd3 Bxd3 10. Qxd3 Nd7 11. Bd2 Ngf6 12. 0-0-0 Qc7 13. Rde1 Bd6 14. Ne4 Nxe4 15. Qxe4 Nf6 16. Qe2 0-0-0 17. Ne5 Bxe5 18. dxe5 Nd5 19. c4 Nb6 20. Ba5 Qe7 21. Bxb6 axb6 22. Qe3 Qb4 23. b3 Qa3+ 24. Kb1 Kc7 25. Rc1 1/2-1/2